[Event "CAN-op (Pinnacle 48th CAN Op Ch)"]
[Site "Toronto CAN"]
[Date "2011.07.10"]
[Round "2"]
[White "Demmery, Steve"]
[Black "Samsonkin, Artiom"]
[Result "0-1"]
[WhiteElo "2208"]
[BlackElo "2532"]
[PlyCount "48"]
[EventDate "2011.07.09"]
[EventType "swiss"]
[EventRounds "9"]
[EventCountry "CAN"]

1. d4 Nf6 2. Bf4 c5 3. c3 b6 4. e3 Bb7 5. Nf3 e6 6. Nbd2 Be7 7. h3 O-O 8. Bd3
d6 9. Qe2 Nc6 10. a4 cxd4 11. exd4 e5 12. dxe5 dxe5 13. Bh2 Nd5 14. O-O Nf4 15.
Bxf4 exf4 16. Ne4 Qc7 17. Qc2 Rac8 18. Rac1 Rfd8 19. Qb1 Ne5 20. Nxe5 Qxe5 21.
Rfe1 Bh4 22. Rcd1 f5 23. Ng5 Qc5 24. Ne6 Qxf2+ 0-1

[Event "CAN-op (Pinnacle 48th CAN Op Ch)"]
[Site "Toronto CAN"]
[Date "2011.07.11"]
[Round "3"]
[White "Samsonkin, Artiom"]
[Black "Derraugh, Geordie"]
[Result "1-0"]
[WhiteElo "2532"]
[BlackElo "2140"]
[PlyCount "71"]
[EventDate "2011.07.09"]
[EventType "swiss"]
[EventRounds "9"]
[EventCountry "CAN"]

1. e4 e5 2. Nc3 Nc6 3. Nf3 Nf6 4. d4 exd4 5. Nxd4 Bb4 6. Nxc6 bxc6 7. Bd3 O-O
8. O-O Qe7 9. Re1 d6 10. Bg5 Qe5 11. Qd2 Re8 12. h3 Bd7 13. a3 Bxc3 14. bxc3
Rab8 15. f4 Qc5+ 16. Kh2 Nh5 17. Bh4 f5 18. Bf2 Qa5 19. e5 Qa4 20. c4 g6 21.
Be2 Be6 22. exd6 cxd6 23. Bxh5 gxh5 24. Re3 Qxc4 25. Rg3+ Kf7 26. Qxd6 Qd5 27.
Qc7+ Qd7 28. Qe5 Rg8 29. Bd4 Qe7 30. Rg7+ Rxg7 31. Qxg7+ Ke8 32. Qh8+ Qf8 33.
Qe5 Kd7 34. Bc5 Qe8 35. Re1 Rd8 36. Qd6+ 1-0

[Event "CAN-op (Pinnacle 48th CAN Op Ch)"]
[Site "Toronto CAN"]
[Date "2011.07.12"]
[Round "4"]
[White "Samsonkin, Artiom"]
[Black "Gerzhoy, Leonid"]
[Result "1/2-1/2"]
[WhiteElo "2532"]
[BlackElo "2647"]
[PlyCount "53"]
[EventDate "2011.07.09"]
[EventType "swiss"]
[EventRounds "9"]
[EventCountry "CAN"]

1. e4 c6 2. Nc3 d5 3. d4 dxe4 4. Nxe4 Bf5 5. Ng3 Bg6 6. Nf3 Nd7 7. h4 h6 8. h5
Bh7 9. Bd3 Bxd3 10. Qxd3 e6 11. Bf4 Qa5+ 12. Bd2 Bb4 13. c3 Be7 14. c4 Qc7 15.
O-O-O Ngf6 16. Ne4 O-O 17. Nxf6+ Nxf6 18. g4 Nxg4 19. Rhg1 f5 20. Qe2 Bf6 21.
Qxe6+ Qf7 22. Qxf7+ Rxf7 23. Ne5 Nxe5 24. dxe5 Bxe5 25. Bxh6 Kh7 26. Bg5 f4 27.
f3 1/2-1/2

[Event "CAN-op (Pinnacle 48th CAN Op Ch)"]
[Site "Toronto CAN"]
[Date "2011.07.13"]
[Round "5"]
[White "Benjamin, Joel"]
[Black "Samsonkin, Artiom"]
[Result "1/2-1/2"]
[WhiteElo "2641"]
[BlackElo "2532"]
[PlyCount "111"]
[EventDate "2011.07.09"]
[EventType "swiss"]
[EventRounds "9"]
[EventCountry "CAN"]

1. d4 Nf6 2. c4 g6 3. Nf3 Bg7 4. g3 O-O 5. Bg2 d6 6. O-O c6 7. Nc3 Qa5 8. Nd2
Qh5 9. e4 Na6 10. Qxh5 Nxh5 11. Nb3 Nb4 12. Bg5 f6 13. Bd2 f5 14. Ne2 a5 15.
Bc3 fxe4 16. Nxa5 Rxa5 17. Bxb4 Ra4 18. a3 Bg4 19. Rae1 Bxe2 20. Rxe2 Bxd4 21.
Bxe4 Raa8 22. Rd1 Bf6 23. Bd2 Ng7 24. Bh6 Rfc8 25. g4 Kf7 26. f4 Ne6 27. Bb1
Nd4 28. Re3 e6 29. Kg2 Ra4 30. Bd3 c5 31. Rf1 Rg8 32. Kh3 Bg7 33. Bxg7 Kxg7 34.
f5 Re8 35. Re4 Raa8 36. fxg6 hxg6 37. Ref4 Re7 38. R4f2 e5 39. Be4 Ne6 40. Kg3
Nf4 41. Rd2 Rd7 42. h4 Ra4 43. Rc1 Kf6 44. g5+ Kg7 45. Kf3 Ra6 46. Rcd1 Rf7 47.
Ke3 Rb6 48. Rc1 Rf8 49. Rf2 Rh8 50. Rh2 Ne6 51. Bd5 Nd4 52. Be4 Ne6 53. Rcc2
Nf4 54. Rc1 Ne6 55. Rcc2 Nf4 56. Rc1 1/2-1/2

[Event "CAN-op (Pinnacle 48th CAN Op Ch)"]
[Site "Toronto CAN"]
[Date "2011.07.14"]
[Round "6"]
[White "Mikhalevski, Victor"]
[Black "Samsonkin, Artiom"]
[Result "0-1"]
[WhiteElo "2664"]
[BlackElo "2532"]
[PlyCount "134"]
[EventDate "2011.07.09"]
[EventType "swiss"]
[EventRounds "9"]
[EventCountry "CAN"]

1. d4 Nf6 2. c4 e6 3. g3 Bb4+ 4. Bd2 a5 5. Bg2 O-O 6. Nf3 d6 7. O-O Bxd2 8.
Qxd2 Nbd7 9. Nc3 e5 10. Rfd1 Re8 11. dxe5 dxe5 12. Ng5 h6 13. Nge4 Nxe4 14.
Bxe4 c6 15. Bf5 Qe7 16. Bxd7 Rd8 17. Na4 Rxd7 18. Qe3 Rxd1+ 19. Rxd1 Bh3 20. c5
Rd8 21. Rxd8+ Qxd8 22. Nc3 f6 23. f3 Bf5 24. Kf2 Bc2 25. Ke1 Bf5 26. Qd2 Qe7
27. e4 Be6 28. Qe3 Bc4 29. b3 Ba6 30. Na4 Qd7 31. g4 h5 32. h3 Qe7 33. Kf2 Qd8
34. Nc3 hxg4 35. hxg4 Kf7 36. Kg2 g5 37. Kf2 Ke6 38. a3 Qd4 39. Nb1 Qb2+ 40.
Qd2 Qxb3 41. Qd6+ Kf7 42. Qd7+ Kf8 43. Nd2 Qa2 44. Kg3 a4 45. Qd8+ Kg7 46. Qd7+
Qf7 47. Qd8 Qf8 48. Qd7+ Kg6 49. Qf5+ Kf7 50. Qh7+ Ke8 51. Qg6+ Kd8 52. Kg2 Kc7
53. Nf1 Qxc5 54. Qxf6 Qc2+ 55. Kg1 Qc1 56. Qxe5+ Kb6 57. Qd4+ c5 58. Qf2 Bxf1
59. Qxf1 Qxa3 60. Qd1 Qb4 61. Qd6+ Ka7 62. Kg2 a3 63. Qd5 Qd4 64. Qg8 Qb2+ 65.
Kg3 a2 66. Qxg5 a1=Q 67. Qxc5+ Qb6 0-1

[Event "CAN-op (Pinnacle 48th CAN Op Ch)"]
[Site "Toronto CAN"]
[Date "2011.07.15"]
[Round "7"]
[White "Samsonkin, Artiom"]
[Black "Shabalov, Alexander"]
[Result "1/2-1/2"]
[WhiteElo "2532"]
[BlackElo "2618"]
[PlyCount "38"]
[EventDate "2011.07.09"]
[EventType "swiss"]
[EventRounds "9"]
[EventCountry "CAN"]

1. e4 c5 2. Nf3 d6 3. d4 cxd4 4. Nxd4 Nf6 5. Nc3 a6 6. Be3 e5 7. Nf3 Qc7 8. a4
Be7 9. a5 Nbd7 10. Be2 O-O 11. O-O b5 12. axb6 Nxb6 13. Nd2 Bb7 14. Bxb6 Qxb6
15. Nc4 Qc7 16. Qd3 Nxe4 17. Nxe4 d5 18. Nc3 dxc4 19. Qxc4 Qb6 1/2-1/2

[Event "CAN-op (Pinnacle 48th CAN Op Ch)"]
[Site "Toronto CAN"]
[Date "2011.07.16"]
[Round "8"]
[White "Noritsyn, Nikolay"]
[Black "Samsonkin, Artiom"]
[Result "1/2-1/2"]
[WhiteElo "2597"]
[BlackElo "2532"]
[PlyCount "117"]
[EventDate "2011.07.09"]
[EventType "swiss"]
[EventRounds "9"]
[EventCountry "CAN"]

1. d4 Nf6 2. c4 e6 3. Nf3 c5 4. d5 b5 5. Bg5 b4 6. Nbd2 Be7 7. dxe6 dxe6 8. Qc2
Bb7 9. e3 Nbd7 10. Bd3 h6 11. Bh4 a5 12. O-O O-O 13. Rfd1 a4 14. a3 b3 15. Qc3
g5 16. Bg3 Nh5 17. Be4 Nxg3 18. hxg3 Qc7 19. Bxb7 Qxb7 20. Ne4 Rfd8 21. Nd6 Qb8
22. Nb5 Bf6 23. Qd2 g4 24. Nh2 h5 25. Qe2 Qe5 26. Nc3 Nb6 27. Nf1 Qf5 28. e4
Qg5 29. Nb5 Qe5 30. Nc3 Qg5 31. Nb5 Qg7 32. Rxd8+ Rxd8 33. Rb1 Rb8 34. Ne3 Bd4
35. Nxd4 Qxd4 36. Rd1 Qxe4 37. Rd6 Qe5 38. Qd2 Kg7 39. Rc6 Qd4 40. Qxd4+ cxd4
41. Nf1 e5 42. Nd2 f5 43. f3 Kf7 44. Kf2 Nd7 45. Ke2 Ke7 46. Kd3 Rd8 47. Ke2
Nf6 48. Rc5 e4 49. fxe4 fxe4 50. Nxe4 d3+ 51. Kd1 Nxe4 52. Re5+ Kd6 53. Rxe4
Rf8 54. Rd4+ Kc5 55. Rxd3 Kxc4 56. Rc3+ Kd4 57. Ke2 Re8+ 58. Kd2 Rf8 59. Ke2
1/2-1/2

[Event "CAN-op (Pinnacle 48th CAN Op Ch)"]
[Site "Toronto CAN"]
[Date "2011.07.17"]
[Round "9"]
[White "Samsonkin, Artiom"]
[Black "Bluvshtein, Mark"]
[Result "1/2-1/2"]
[WhiteElo "2532"]
[BlackElo "2634"]
[PlyCount "63"]
[EventDate "2011.07.09"]
[EventType "swiss"]
[EventRounds "9"]
[EventCountry "CAN"]

1. e4 e5 2. Nc3 Nf6 3. f4 d5 4. fxe5 Nxe4 5. Qf3 Nxc3 6. dxc3 Be6 7. Bf4 Nc6 8.
Qg3 Ne7 9. Nf3 Qd7 10. Nd4 Nf5 11. Nxf5 Bxf5 12. Bd3 Be6 13. O-O-O O-O-O 14.
Kb1 h6 15. Rhf1 Be7 16. Be3 c5 17. Be4 g5 18. Bxd5 Bxd5 19. c4 Qe6 20. cxd5
Rxd5 21. Rxd5 Qxd5 22. Qh3+ Kb8 23. Qh5 Rf8 24. Qxh6 Qxe5 25. Bf2 Qe2 26. Bg3+
Kc8 27. Rc1 Qxg2 28. Re1 Qd5 29. a3 Qd7 30. Qg7 Rd8 31. Qxf7 Bd6 32. Qf6
1/2-1/2

[Event "CAN-ch"]
[Site "Guelph CAN"]
[Date "2011.05.06"]
[Round "1"]
[White "Samsonkin, Artiom"]
[Black "Humphreys, Michael"]
[Result "1-0"]
[WhiteElo "2561"]
[BlackElo "2273"]
[PlyCount "59"]
[EventDate "2011.05.06"]
[EventType "swiss"]
[EventRounds "9"]
[EventCountry "CAN"]

1. e4 c5 2. Nf3 d6 3. d4 cxd4 4. Qxd4 a6 5. Be3 Nf6 6. Nc3 g6 7. O-O-O Bg7 8.
Qd2 Qa5 9. Bc4 O-O 10. Bh6 Bg4 11. h3 Bxf3 12. gxf3 Nbd7 13. Bxg7 Kxg7 14. h4
b5 15. Bb3 Ne5 16. f4 Nc4 17. Bxc4 bxc4 18. Qd4 Qc5 19. h5 Qxd4 20. h6+ Kg8 21.
Rxd4 Rfc8 22. e5 Ng4 23. Nd5 Ra7 24. exd6 exd6 25. f3 Nxh6 26. Rxh6 Kg7 27. Rh1
Rb7 28. f5 f6 29. fxg6 hxg6 30. Rdh4 1-0

[Event "CAN-ch"]
[Site "Guelph CAN"]
[Date "2011.05.07"]
[Round "2"]
[White "Tremblay, Rejean"]
[Black "Samsonkin, Artiom"]
[Result "0-1"]
[WhiteElo "2238"]
[BlackElo "2561"]
[PlyCount "74"]
[EventDate "2011.05.06"]
[EventType "swiss"]
[EventRounds "9"]
[EventCountry "CAN"]

1. d4 Nf6 2. c4 g6 3. Nc3 Bg7 4. e4 d6 5. Be2 O-O 6. Bg5 c6 7. Qd2 Nbd7 8. h4
h5 9. Nh3 a6 10. Bh6 b5 11. Bxg7 Kxg7 12. Ng5 Nb6 13. b3 bxc4 14. bxc4 a5 15.
Qf4 Ng4 16. Bxg4 Bxg4 17. f3 Bc8 18. g4 e5 19. Qg3 hxg4 20. dxe5 dxe5 21. Rd1
Qe7 22. fxg4 Nxc4 23. Nf3 Ba6 24. h5 g5 25. h6+ Kh8 26. Rh5 f6 27. Nd2 Nb2 28.
Rb1 Nd3+ 29. Kd1 Rad8 30. Qe3 Rd4 31. Rb6 Qc5 32. Rxa6 Qxc3 33. Rh2 Qc1+ 34.
Ke2 Nf4+ 35. Kf3 Rfd8 36. Qxd4 exd4 37. h7 Qc3+ 0-1

[Event "CAN-ch"]
[Site "Guelph CAN"]
[Date "2011.05.07"]
[Round "3"]
[White "Samsonkin, Artiom"]
[Black "Hansen, Eric"]
[Result "1/2-1/2"]
[WhiteElo "2561"]
[BlackElo "2572"]
[PlyCount "62"]
[EventDate "2011.05.06"]
[EventType "swiss"]
[EventRounds "9"]
[EventCountry "CAN"]

1. e4 e6 2. d4 d5 3. Nd2 c5 4. Ngf3 cxd4 5. exd5 Qxd5 6. Bc4 Qd6 7. O-O Nf6 8.
Nb3 Nc6 9. Nbxd4 Nxd4 10. Nxd4 Bd7 11. a4 a6 12. b3 Qc7 13. Re1 Bb4 14. Bd2 Bd6
15. Kh1 Bxh2 16. Bxe6 O-O-O 17. Bxd7+ Rxd7 18. c3 Rd5 19. Qf3 Be5 20. Kg1 Qd7
21. Bf4 Re8 22. Bxe5 Rdxe5 23. Rxe5 Rxe5 24. Qg3 Qc7 25. Nf3 Re8 26. Qxg7 Qxc3
27. Rd1 Qc2 28. Rd4 Qg6 29. Qxg6 fxg6 30. Ng5 Re1+ 31. Kh2 Re5 1/2-1/2

[Event "CAN-ch"]
[Site "Guelph CAN"]
[Date "2011.05.08"]
[Round "4"]
[White "Panjwani, Raja"]
[Black "Samsonkin, Artiom"]
[Result "1-0"]
[WhiteElo "2450"]
[BlackElo "2561"]
[PlyCount "95"]
[EventDate "2011.05.06"]
[EventType "swiss"]
[EventRounds "9"]
[EventCountry "CAN"]

1. d4 Nf6 2. c4 e6 3. Nf3 Bb4+ 4. Bd2 Qe7 5. g3 Nc6 6. Nc3 O-O 7. Bg2 Na5 8. b3
b6 9. O-O Bb7 10. Qc2 Rac8 11. c5 bxc5 12. a3 cxd4 13. axb4 dxc3 14. Bxc3 Nc6
15. Ng5 e5 16. b5 Nd4 17. Bxd4 Bxg2 18. Bc5 d6 19. Kxg2 dxc5 20. Rfc1 h6 21.
Ne4 Nxe4 22. Qxe4 Rb8 23. Qc6 Rb6 24. Qxc5 Qe6 25. Rxa7 Qxb3 26. Qxe5 Re6 27.
Qc5 Rfe8 28. Rxc7 Re5 29. Rc8 Rxc8 30. Qxc8+ Kh7 31. Rc5 Rxe2 32. Qf5+ g6 33.
Qf3 Qxf3+ 34. Kxf3 Rb2 35. Ke4 Rxf2 36. Kd5 Rxh2 37. b6 Rb2 38. Kc6 g5 39. b7
Rxb7 40. Kxb7 Kg6 41. Kc6 h5 42. Kd5 Kf5 43. Kd4+ Kg4 44. Ke3 f5 45. Kf2 f4 46.
Rc4 h4 47. gxf4 gxf4 48. Rc8 1-0

[Event "CAN-ch"]
[Site "Guelph CAN"]
[Date "2011.05.08"]
[Round "5"]
[White "Samsonkin, Artiom"]
[Black "Guo, Joshua"]
[Result "1-0"]
[WhiteElo "2561"]
[BlackElo "2272"]
[PlyCount "149"]
[EventDate "2011.05.06"]
[EventType "swiss"]
[EventRounds "9"]
[EventCountry "CAN"]

1. e4 c5 2. Nf3 d6 3. d4 cxd4 4. Qxd4 a6 5. Be3 Nc6 6. Qd2 Nf6 7. Nc3 e6 8.
O-O-O Be7 9. Rg1 b5 10. Nd4 Bb7 11. Nxc6 Bxc6 12. f3 O-O 13. g4 b4 14. Ne2 Qa5
15. Kb1 Rfc8 16. Nd4 Bb5 17. g5 Nd7 18. f4 Bxf1 19. Rdxf1 Qc7 20. f5 e5 21. Nb3
a5 22. g6 a4 23. gxh7+ Kxh7 24. Qg2 Bf6 25. Nc1 b3 26. cxb3 axb3 27. Nxb3 Qc4
28. Nc1 Nc5 29. Bxc5 Rxc5 30. Qe2 Qa4 31. Rf3 Rxc1+ 32. Kxc1 Qxa2 33. Qc2 Qa1+
34. Qb1 Rc8+ 35. Kd2 Bg5+ 36. Ke2 Qa6+ 37. Rd3 Qc4 38. Kf3 Bf4 39. Qd1 Qb4 40.
Qe2 Rc4 41. f6 g5 42. h4 Qc5 43. Rg2 Qc8 44. Rg4 Rc2 45. Qf1 Rxb2 46. hxg5 Qc2
47. Rg2 Rb1 48. Rxc2 Rxf1+ 49. Rf2 Rg1 50. Rg2 Rxg2 51. Kxg2 Kg6 52. Kf3 Kxg5
53. Rxd6 Bc1 54. Ra6 Bd2 55. Ke2 Bc1 56. Kd3 Kg6 57. Kc4 Bg5 58. Kd5 Bxf6 59.
Ra2 Bg7 60. Rg2+ Kf6 61. Kd6 Bh6 62. Rh2 Bf4 63. Rh5 Kg6 64. Rf5 f6 65. Ke6 Bg5
66. Rf1 Bh4 67. Rg1+ Bg5 68. Rg2 Kg7 69. Rc2 Kg6 70. Rc7 Bf4 71. Rc8 Bg5 72.
Rg8+ Kh5 73. Kf5 Kh4 74. Re8 Kg3 75. Rxe5 1-0

[Event "CAN-ch"]
[Site "Guelph CAN"]
[Date "2011.05.09"]
[Round "6"]
[White "Samsonkin, Artiom"]
[Black "Sambuev, Bator"]
[Result "0-1"]
[WhiteElo "2561"]
[BlackElo "2750"]
[PlyCount "67"]
[EventDate "2011.05.06"]
[EventType "swiss"]
[EventRounds "9"]
[EventCountry "CAN"]

1. e4 e6 2. d4 d5 3. Nd2 c5 4. Ngf3 Nf6 5. exd5 exd5 6. Bb5+ Bd7 7. Qe2+ Be7 8.
dxc5 O-O 9. Nb3 Re8 10. Bxd7 Nbxd7 11. O-O Nxc5 12. Nxc5 Bxc5 13. Qd3 Qb6 14.
c3 Ng4 15. Qf5 Qg6 16. Qxd5 Bxf2+ 17. Rxf2 Rad8 18. Qb5 a6 19. Qb3 Nxf2 20.
Kxf2 Re2+ 21. Kxe2 Qxg2+ 22. Ke3 Re8+ 23. Kf4 h6 24. h4 h5 25. Ne5 Qh2+ 26. Kf3
Rxe5 27. Qc4 Qh3+ 28. Kf2 b5 29. Qd4 Qh2+ 30. Kf3 Qe2+ 31. Kg3 Re4 32. Qd8+ Kh7
33. Qd2 Rg4+ 34. Kh3 0-1

[Event "CAN-ch"]
[Site "Guelph CAN"]
[Date "2011.05.10"]
[Round "7"]
[White "Plotkin, Victor"]
[Black "Samsonkin, Artiom"]
[Result "1-0"]
[WhiteElo "2422"]
[BlackElo "2561"]
[PlyCount "121"]
[EventDate "2011.05.06"]
[EventType "swiss"]
[EventRounds "9"]
[EventCountry "CAN"]

1. e4 d5 2. exd5 Qxd5 3. Nc3 Qa5 4. d4 Nf6 5. Nf3 Nc6 6. Bc4 Bg4 7. h3 Qh5 8.
Be3 O-O-O 9. O-O Bxf3 10. Qxf3 Qxf3 11. gxf3 e6 12. Rad1 Be7 13. Rfe1 Bb4 14.
Rd3 Nd5 15. Red1 Bxc3 16. bxc3 Nce7 17. Kh2 Ng6 18. Rg1 Rhg8 19. Bb3 h6 20. c4
Nde7 21. Rgd1 Nh4 22. Bc1 g5 23. c5 c6 24. c4 Neg6 25. Bc2 Nf4 26. Ra3 a6 27.
Rb3 Rd7 28. Bb2 Rgd8 29. Re3 e5 30. d5 cxd5 31. Ba4 Re7 32. cxd5 Rxd5 33. Rxd5
Nxd5 34. Rd3 Nf4 35. Ra3 f6 36. Rc3 Kc7 37. Ba3 Re6 38. Bb4 b5 39. cxb6+ Kxb6
40. Bd7 a5 41. Bc5+ Kc7 42. Bxe6 Nxe6 43. Be7+ Kd7 44. Bxf6 Nd4 45. Ra3 Ke6 46.
Bd8 Kf5 47. Bxa5 Nhxf3+ 48. Kh1 Kf4 49. Bc7 Nb5 50. Ra4+ Kf5 51. Bb6 Nd2 52.
Rb4 Na3 53. Be3 Ne4 54. Rb3 Nc4 55. a4 Ned6 56. Rb4 Na5 57. Rb6 Ndc4 58. Rxh6
Nxe3 59. fxe3 Ke4 60. Rg6 Kxe3 61. Rxg5 1-0

[Event "CAN-ch"]
[Site "Guelph CAN"]
[Date "2011.05.10"]
[Round "8"]
[White "Calugar, Arthur"]
[Black "Samsonkin, Artiom"]
[Result "1-0"]
[WhiteElo "2401"]
[BlackElo "2561"]
[PlyCount "79"]
[EventDate "2011.05.06"]
[EventType "swiss"]
[EventRounds "9"]
[EventCountry "CAN"]

1. b3 e5 2. Bb2 Nc6 3. e3 g6 4. Bb5 Bg7 5. f4 Nge7 6. Nf3 a6 7. Bxc6 Nxc6 8.
Nxe5 Nxe5 9. Bxe5 Bxe5 10. fxe5 Qh4+ 11. g3 Qe4 12. O-O Qxe5 13. Qf3 O-O 14.
Nc3 d6 15. Nd5 c6 16. Nf6+ Kg7 17. d4 Qg5 18. Ne8+ Kg8 19. Nxd6 f5 20. c4 Qe7
21. c5 Be6 22. e4 fxe4 23. Qxe4 Qd7 24. Rxf8+ Rxf8 25. Rf1 Rxf1+ 26. Kxf1 b6
27. Kf2 bxc5 28. dxc5 Qe7 29. Qxc6 Qf6+ 30. Ke3 Qc3+ 31. Ke4 Qe1+ 32. Kd4 Qa1+
33. Kd3 Qd1+ 34. Kc3 Qe1+ 35. Kb2 Qd2+ 36. Ka3 Qa5+ 37. Qa4 Qxc5+ 38. Qb4 Qc1+
39. Ka4 Qc7 40. Nc4 1-0

[Event "Hamilton Winter op"]
[Site "Hamilton CAN"]
[Date "2011.03.26"]
[Round "1"]
[White "Samsonkin, Artiom"]
[Black "Cormier, Adam"]
[Result "1-0"]
[WhiteElo "2558"]
[BlackElo "2041"]
[PlyCount "59"]
[EventDate "2011.03.26"]
[EventType "swiss"]
[EventRounds "6"]
[EventCountry "CAN"]

1. e4 c5 2. Nf3 d6 3. d4 cxd4 4. Nxd4 Nf6 5. Nc3 a6 6. Bg5 e6 7. f4 Qb6 8. Qd2
Qxb2 9. Rb1 Qa3 10. f5 Nc6 11. fxe6 fxe6 12. Nxc6 bxc6 13. Be2 Be7 14. Rb3 Qa5
15. O-O O-O 16. Nd5 Qxd2 17. Nxe7+ Kf7 18. Bxd2 Kxe7 19. e5 Nd5 20. exd6+ Ke8
21. Bh5+ g6 22. Rxf8+ Kxf8 23. Bf3 Bd7 24. Rb7 Re8 25. c4 Nf6 26. Bc3 Ng8 27.
Rc7 Rd8 28. Ba5 Ke8 29. Rxc6 Rb8 30. Rxa6 1-0

[Event "Hamilton Winter op"]
[Site "Hamilton CAN"]
[Date "2011.03.26"]
[Round "2"]
[White "Itkin, David"]
[Black "Samsonkin, Artiom"]
[Result "0-1"]
[WhiteElo "2139"]
[BlackElo "2558"]
[PlyCount "56"]
[EventDate "2011.03.26"]
[EventType "swiss"]
[EventRounds "6"]
[EventCountry "CAN"]

1. e4 Nf6 2. e5 Nd5 3. Nc3 e6 4. Nxd5 exd5 5. d4 d6 6. Nf3 Nc6 7. Be2 dxe5 8.
dxe5 Bg4 9. O-O Be7 10. c3 O-O 11. Nd4 Bxe2 12. Qxe2 Qd7 13. f4 Rae8 14. Kh1
Bc5 15. Be3 Bxd4 16. cxd4 f5 17. Rac1 Nd8 18. Qc2 Ne6 19. g4 g6 20. gxf5 Rxf5
21. Rg1 Ref8 22. Rg4 Kh8 23. Qd2 c5 24. b3 Kg8 25. Rcg1 b6 26. a4 Qf7 27. dxc5
d4 28. Bf2 Rxf4 0-1

[Event "Hamilton Winter op"]
[Site "Hamilton CAN"]
[Date "2011.03.26"]
[Round "3"]
[White "Samsonkin, Artiom"]
[Black "Guo, Joshua"]
[Result "1-0"]
[WhiteElo "2558"]
[BlackElo "2257"]
[PlyCount "37"]
[EventDate "2011.03.26"]
[EventType "swiss"]
[EventRounds "6"]
[EventCountry "CAN"]

1. e4 Nf6 2. Nc3 e5 3. f4 d5 4. fxe5 Nxe4 5. Qf3 Nxc3 6. dxc3 c6 7. Qg3 Bf5 8.
Bd3 Bxd3 9. cxd3 Na6 10. Nf3 Qd7 11. O-O Be7 12. Qxg7 O-O-O 13. Be3 Rdg8 14.
Qxf7 Nc5 15. Bxc5 Qg4 16. Rf2 Bxc5 17. d4 Bf8 18. h3 Qxh3 19. Qxf8+ 1-0

[Event "Hamilton Winter op"]
[Site "Hamilton CAN"]
[Date "2011.03.27"]
[Round "4"]
[White "Dougherty, Michael"]
[Black "Samsonkin, Artiom"]
[Result "0-1"]
[WhiteElo "2322"]
[BlackElo "2558"]
[PlyCount "201"]
[EventDate "2011.03.26"]
[EventType "swiss"]
[EventRounds "6"]
[EventCountry "CAN"]

1. d4 Nf6 2. c4 g6 3. Nc3 Bg7 4. e4 d6 5. Be2 O-O 6. Nf3 e5 7. O-O Na6 8. Be3
Ng4 9. Bg5 Qe8 10. d5 f5 11. Nd2 h6 12. Bh4 Nxh2 13. Kxh2 g5 14. Bh5 Qe7 15. g4
f4 16. Bg3 Nc5 17. Kg2 fxg3 18. fxg3 Nd7 19. Rxf8+ Bxf8 20. Nf1 Nf6 21. Ne3
Nxh5 22. gxh5 g4 23. Qe2 Qg5 24. Nb5 Qxh5 25. Rh1 Qg6 26. Nxc7 Qxe4+ 27. Kh2
Rb8 28. Rf1 Be7 29. Ne6 Bxe6 30. dxe6 Rf8 31. Rxf8+ Kxf8 32. Qf2+ Qf3 33. Nxg4
Qxf2+ 34. Nxf2 Bg5 35. Kg2 Be3 36. Ng4 Bc1 37. b3 Ke7 38. Kf3 Kxe6 39. Ke4 h5
40. Nh2 Ba3 41. g4 hxg4 42. Nxg4 Bc5 43. Nh2 b5 44. Nf3 bxc4 45. bxc4 Bb4 46.
Ng5+ Kf6 47. Nf3 Bc3 48. a4 Bb4 49. Nh2 Ke6 50. Nf1 Kd7 51. Kd5 Kc7 52. Ne3 Kb6
53. Nf5 Ka5 54. Nxd6 Bxd6 55. Kxd6 e4 56. c5 e3 57. c6 e2 58. c7 e1=Q 59. c8=Q
Qg3+ 60. Kd5 Qd3+ 61. Ke5 Kxa4 62. Qg4+ Ka3 63. Qg1 Qc3+ 64. Kd5 a5 65. Qf2 a4
66. Kd6 Kb3 67. Qf7+ Kb2 68. Qf2+ Kc1 69. Kd5 a3 70. Ke6 Qb3+ 71. Ke7 Qb4+ 72.
Ke8 Qe4+ 73. Kf7 Qd5+ 74. Kg7 a2 75. Qe1+ Kb2 76. Qe2+ Kc1 77. Qf1+ Kc2 78.
Qe2+ Qd2 79. Qe4+ Kc1 80. Qc4+ Kb1 81. Qf1+ Kc2 82. Qf5+ Qd3 83. Qf2+ Kb1 84.
Qe1+ Kb2 85. Qb4+ Kc2 86. Qa4+ Qb3 87. Qe4+ Kb2 88. Qe2+ Ka1 89. Kh6 Qb6+ 90.
Kh7 Qc7+ 91. Kg8 Qd8+ 92. Kh7 Qd7+ 93. Kg8 Qd5+ 94. Kh7 Kb1 95. Qe1+ Kc2 96.
Qe2+ Kc3 97. Qe1+ Kb3 98. Qe3+ Ka4 99. Qa7+ Kb5 100. Qb8+ Ka6 101. Qh8 0-1

[Event "Hamilton Winter op"]
[Site "Hamilton CAN"]
[Date "2011.03.27"]
[Round "5"]
[White "Samsonkin, Artiom"]
[Black "Sambuev, Bator"]
[Result "0-1"]
[WhiteElo "2558"]
[BlackElo "2718"]
[PlyCount "110"]
[EventDate "2011.03.26"]
[EventType "swiss"]
[EventRounds "6"]
[EventCountry "CAN"]

1. d4 Nf6 2. Nf3 e6 3. Nbd2 d5 4. e3 c5 5. c3 Bd6 6. Bd3 O-O 7. O-O Nbd7 8. e4
cxd4 9. cxd4 dxe4 10. Nxe4 Nxe4 11. Bxe4 Nf6 12. Bc2 b6 13. Bg5 Ba6 14. Re1 Be7
15. Ne5 Rc8 16. Re3 g6 17. Ra3 Bxa3 18. bxa3 Rxc2 19. Bxf6 Qxf6 20. Qxc2 Qf4
21. Qb2 Bb7 22. d5 Rd8 23. dxe6 fxe6 24. Qc3 Qd2 25. Qb3 Qd5 26. Nf3 Qxb3 27.
axb3 Rd3 28. b4 Kg7 29. Ne5 Rb3 30. Rc1 Kf6 31. Ng4+ Ke7 32. h4 Kd6 33. Nf6
Rxa3 34. Ne8+ Ke5 35. Rc7 Bd5 36. Rxh7 Bc6 37. Re7 Ra4 38. Ng7 Bd5 39. b5 Kd6
40. Rf7 Rxh4 41. Rxa7 Rg4 42. g3 Rb4 43. Ne8+ Kc5 44. Ra1 Rxb5 45. Rc1+ Kd4 46.
Rd1+ Kc3 47. Nc7 Rc5 48. Nxe6 Bxe6 49. Rd6 Bd5 50. Rxb6 Rc6 51. Rb1 Bf3 52. Kh2
Rc5 53. Rc1+ Kd4 54. Rxc5 Kxc5 55. Kh3 g5 0-1

[Event "Winter op"]
[Site "Kitchener CAN"]
[Date "2011.03.12"]
[Round "1"]
[White "Semianiuk, Konstantin"]
[Black "Samsonkin, Artiom"]
[Result "0-1"]
[WhiteElo "2064"]
[BlackElo "2387"]
[PlyCount "118"]
[EventDate "2011.03.12"]
[EventType "swiss"]
[EventRounds "5"]
[EventCountry "CAN"]

1. e4 c5 2. Nf3 d6 3. Bb5+ Nd7 4. d4 Ngf6 5. Nc3 cxd4 6. Qxd4 e6 7. Be3 Be7 8.
e5 dxe5 9. Nxe5 O-O 10. Nxd7 Bxd7 11. Bxd7 Qxd7 12. Qxd7 Nxd7 13. O-O-O Nf6 14.
f3 Rfc8 15. g4 Bb4 16. Bd4 Bxc3 17. Bxc3 Nd5 18. Bd4 b5 19. Kb1 a5 20. Rd2 Rc6
21. Re1 f6 22. c3 Kf7 23. Bf2 Rd8 24. Red1 Ra8 25. Bg1 b4 26. cxb4 axb4 27. Bd4
Rc4 28. Re1 Ra5 29. Red1 Rc6 30. b3 e5 31. Bb2 Ke6 32. Re1 Rca6 33. Ba1 Rc5 34.
Rc1 Rxc1+ 35. Kxc1 g6 36. Rc2 h5 37. g5 fxg5 38. Re2 Rc6+ 39. Kd2 Nc3 40. Re3
Nxa2 41. Rxe5+ Kf7 42. Rxg5 Nc1 43. Bb2 Nxb3+ 44. Kd3 Nc5+ 45. Ke3 b3 46. Bd4
Re6+ 47. Kd2 Rd6 48. Rxc5 Rxd4+ 49. Kc3 Rf4 50. Kxb3 Rxf3+ 51. Kb4 Rf2 52. h3
Rf3 53. Rc7+ Kf6 54. Rc6+ Kf5 55. Rc5+ Kf4 56. Rc4+ Kg3 57. Rc6 g5 58. Rh6 h4
59. Rg6 Rf5 0-1

[Event "Winter op"]
[Site "Kitchener CAN"]
[Date "2011.03.12"]
[Round "2"]
[White "Guo, Joshua"]
[Black "Samsonkin, Artiom"]
[Result "0-1"]
[WhiteElo "2088"]
[BlackElo "2387"]
[PlyCount "71"]
[EventDate "2011.03.12"]
[EventType "swiss"]
[EventRounds "5"]
[EventCountry "CAN"]

1. e4 Nf6 2. e5 Nd5 3. d4 d6 4. Nf3 Bg4 5. Be2 e6 6. O-O Be7 7. h3 Bh5 8. c4
Nb6 9. exd6 cxd6 10. Nc3 Nc6 11. d5 exd5 12. Nxd5 Nxd5 13. cxd5 Bxf3 14. Bxf3
Ne5 15. Qa4+ Qd7 16. Qxd7+ Kxd7 17. Be2 Kd8 18. Be3 Nd7 19. Rac1 Nb6 20. Rfd1
Bf6 21. b3 Re8 22. a4 Rc8 23. Rxc8+ Nxc8 24. Bg4 Re5 25. Rc1 Nb6 26. a5 Nxd5
27. Rc8+ Ke7 28. Bxa7 Re1+ 29. Kh2 Ra1 30. b4 Be5+ 31. g3 Nxb4 32. Bb6 Nc6 33.
Rc7+ Kf6 34. Bf3 Bd4 35. Rxc6 Bxb6 36. Rxd6+ 0-1

[Event "Winter op"]
[Site "Kitchener CAN"]
[Date "2011.03.12"]
[Round "3"]
[White "Cummings, David"]
[Black "Samsonkin, Artiom"]
[Result "0-1"]
[WhiteElo "2360"]
[BlackElo "2387"]
[PlyCount "86"]
[EventDate "2011.03.12"]
[EventType "swiss"]
[EventRounds "5"]
[EventCountry "CAN"]

1. c4 Nf6 2. g3 e5 3. Bg2 d5 4. cxd5 Nxd5 5. Nc3 Nb6 6. Nf3 Nc6 7. O-O Be7 8.
a3 Be6 9. d3 O-O 10. b4 a5 11. b5 Nd4 12. Nd2 Nd5 13. Bxd5 Bxd5 14. e3 Nxb5 15.
Nxb5 Bc6 16. a4 Qxd3 17. Qb3 Qd7 18. f3 Rfd8 19. Nc4 Bd5 20. Bb2 Bc5 21. Rad1
Rac8 22. Qc3 c6 23. Nxe5 Qe7 24. Ng4 f6 25. Nd4 Bb4 26. Qc2 h5 27. e4 hxg4 28.
exd5 Rxd5 29. Qe4 Rcd8 30. Qxg4 Qd7 31. Kg2 Qxg4 32. fxg4 c5 33. Rf4 cxd4 34.
Rfxd4 Rxd4 35. Rxd4 Rc8 36. Kf3 Rc2 37. Rd8+ Kh7 38. Bd4 Rxh2 39. Rd7 Rd2 40.
Rd8 Bc5 41. Bxf6 Rf2+ 42. Ke4 Rxf6 43. Rd7 b6 0-1